[Event "Tournoi Skype 030A"]
[Site "Skype"]
[Date "????.??.??"]
[Round "7.32"]
[White "Zenini, Simone"]
[Black "Davis, Michael"]
[Result "1-0"]
[WhiteElo "1411"]
[BlackElo "1359"]
[PlyCount "57"]

1. d4 Nf6 2. c4 g6 3. Nc3 Bg7 4. Nf3 d5 5. cxd5 Nxd5 6. e4 Nb6 7. Be2 N8d7 8.
Bf4 c6 9. a4 Nf6 10. a5 Nbd7 11. b4 O-O 12. O-O Ng4 13. Ng5 Nde5 14. dxe5 Qxd1
15. Raxd1 Nxe5 16. Nb1 h6 17. Nf3 Nxf3+ 18. Bxf3 Be6 19. Be3 g5 20. Bd4 Rfd8
21. Bxg7 Kxg7 22. h3 Bc4 23. Rfe1 b5 24. Na3 Bb3 25. Rc1 Rac8 26. e5 Bd5 27.
Bxd5 Rxd5 28. Nb1 Rxe5 29. Rxe5 1-0

[Event "Tournoi Skype 030A"]
[Site "Skype"]
[Date "????.??.??"]
[Round "7.33"]
[White "Fernandez Zaldivar, Antonio"]
[Black "Gharbi, Said"]
[Result "1-0"]
[WhiteElo "1291"]
[BlackElo "1434"]
[PlyCount "43"]

1. e4 e5 2. Nf3 Nc6 3. Bb5 Nge7 4. O-O a6 5. Ba4 b5 6. Bb3 d6 7. d3 Bg4 8. Be3
d5 9. exd5 Nxd5 10. Nbd2 Nxe3 11. fxe3 Bc5 12. Qe1 O-O 13. Kh1 Re8 14. Ne4 Bb4
15. c3 Qxd3 16. Nf2 Qf5 17. Nxg4 Qxg4 18. cxb4 Nxb4 19. Qc3 Nc6 20. Qxc6 Rac8
21. Qc5 Qe4 22. Ng5 1-0

[Event "Tournoi Skype 030A"]
[Site "Skype"]
[Date "????.??.??"]
[Round "7.34"]
[White "Couto, Januario"]
[Black "Escudero Ocana, Francisco"]
[Result "0-1"]
[WhiteElo "1387"]
[BlackElo "1393"]
[PlyCount "38"]

1. e4 e6 2. d4 d5 3. Nd2 c5 4. dxc5 Bxc5 5. exd5 exd5 6. Nb3 Bb6 7. Bd3 Nf6 8.
Bg5 Qe7+ 9. Qe2 Qxe2+ 10. Nxe2 O-O 11. Bxf6 gxf6 12. O-O Nc6 13. c3 Be6 14. Nf4
d4 15. cxd4 Bxb3 16. axb3 Bxd4 17. Ra2 a6 18. Nd5 Kg7 19. Nf4 Nb4 0-1

[Event "Tournoi Skype 030A"]
[Site "Skype"]
[Date "????.??.??"]
[Round "8.1"]
[White "Mayor Martinez, Juan Jose"]
[Black "Figueroa, Tomas"]
[Result "1-0"]
[WhiteElo "1749"]
[BlackElo "2093"]
[PlyCount "129"]

1. d4 Nf6 2. Nf3 d5 3. h3 c5 4. c3 Nc6 5. e3 e6 6. Be2 Bd6 7. Nbd2 O-O 8. O-O
e5 9. dxe5 Nxe5 10. Nxe5 Bxe5 11. Nf3 Bc7 12. Re1 Qd6 13. Bf1 Rd8 14. g3 Bf5
15. a3 Ne4 16. Bg2 a5 17. Qe2 a4 18. g4 Be6 19. Rd1 c4 20. Nd4 Nc5 21. f4 Bb8
22. Nb5 Qb6 23. Nd4 Ra6 24. Rb1 Bc8 25. Bd2 Qd6 26. Be1 Qe7 27. Qf3 Ne4 28. Bf2
Re8 29. Kf1 Rb6 30. Kg1 Rd6 31. Nb5 Rdd8 32. Nd4 Ba7 33. Nc2 Bc5 34. Ra1 h6 35.
Nd4 Bb6 36. Rab1 Nc5 37. Kf1 Nd3 38. Rd2 Bxd4 39. exd4 f5 40. Kg1 fxg4 41. hxg4
Qf7 42. Bg3 h5 43. gxh5 Bf5 44. Rf1 Qd7 45. Qd1 Re3 46. Kh2 Rde8 47. Bf3 b5 48.
Be2 Kh7 49. Bxd3 Bxd3 50. Re1 Qf5 51. Rxe3 Rxe3 52. Rf2 Be4 53. Rf1 Bd3 54. Rf2
Qe4 55. Rg2 Be2 56. Qg1 Bf3 57. Rd2 Bxh5 58. Qf2 Rf3 59. Qg2 Qe3 60. Re2 Qd3
61. Re5 Bg4 62. Rxd5 Rf1 63. Re5 Rf3 64. Rxb5 Kg8 65. Re5 1-0

[Event "Tournoi Skype 030A"]
[Site "Skype"]
[Date "????.??.??"]
[Round "8.2"]
[White "Deville, Olivier"]
[Black "Grosso, Raul"]
[Result "1/2-1/2"]
[WhiteElo "1767"]
[BlackElo "1746"]
[PlyCount "33"]

1. d4 d5 2. c4 e6 3. Nf3 h6 4. g3 Nf6 5. Bg2 Bd6 6. O-O O-O 7. Qc2 Nc6 8. a3
dxc4 9. Qxc4 e5 10. dxe5 Nxe5 11. Qb3 Qe7 12. Nc3 c6 13. Rd1 Bf5 14. Bd2 Rfd8
15. Rac1 Rd7 16. Na4 Rad8 17. Ba5 1/2-1/2

[Event "Tournoi Skype 030A"]
[Site "Skype"]
[Date "????.??.??"]
[Round "8.3"]
[White "Alarcon Alarcon, Florentina"]
[Black "Rico Hernandez, Edgar"]
[Result "0-1"]
[WhiteElo "1378"]
[BlackElo "1748"]
[PlyCount "92"]

1. e4 c6 2. d4 d5 3. e5 Bf5 4. Nf3 e6 5. Be2 Nd7 6. O-O Ne7 7. c3 c5 8. a3 Nc6
9. b4 cxd4 10. cxd4 Be7 11. Be3 Rc8 12. Nc3 O-O 13. Bd3 Bxd3 14. Qxd3 a6 15.
Ne2 Na7 16. Ng3 Nb5 17. Qd2 Nb6 18. a4 Nc4 19. Qe1 Nba3 20. Ra2 Nxe3 21. fxe3
Nc2 22. Qe2 Nxb4 23. Rb2 Qd7 24. e4 dxe4 25. Qxe4 Rc7 26. Qg4 Nd5 27. Nh5 g6
28. Re1 Kh8 29. Nf4 Nxf4 30. Qxf4 Qxa4 31. Rbe2 Qd7 32. Re4 a5 33. Ng5 Bxg5 34.
Qxg5 Kg8 35. Rh4 Rc4 36. Qh6 f5 37. exf6 Rxf6 38. Qd2 a4 39. Qd3 b5 40. Rhe4
Qd5 41. Rd1 b4 42. Re5 Qc6 43. Rde1 Rc2 44. Qg3 b3 45. h4 Rff2 46. R5e2 Rfxe2
0-1

[Event "Tournoi Skype 030A"]
[Site "Skype"]
[Date "????.??.??"]
[Round "8.4"]
[White "Caputi, Giuliano"]
[Black "Trivedi, Viral"]
[Result "1-0"]
[WhiteElo "1728"]
[BlackElo "1210"]
[PlyCount "43"]

1. Nf3 Nf6 2. g3 d5 3. Bg2 g6 4. O-O Bg7 5. c4 O-O 6. cxd5 Nxd5 7. d4 Nc6 8. e4
Nb6 9. d5 Ne5 10. Nxe5 Bxe5 11. Nc3 e6 12. f4 Bd6 13. b3 Bc5+ 14. Kh1 exd5 15.
exd5 f5 16. Bb2 Bd7 17. Qc2 c6 18. Rad1 cxd5 19. Nxd5 Rc8 20. Qc3 Kf7 21. Qf6+
Ke8 22. Rfe1+ 1-0

[Event "Tournoi Skype 030A"]
[Site "Skype"]
[Date "????.??.??"]
[Round "8.5"]
[White "Lambert, Pierre"]
[Black "Elias, Roberto"]
[Result "0-1"]
[WhiteElo "1660"]
[BlackElo "1671"]
[PlyCount "142"]

1. e4 e5 2. Nf3 Nf6 3. Nxe5 Qe7 4. Nf3 Qxe4+ 5. Be2 Be7 6. O-O O-O 7. Re1 Re8
8. Nc3 Qb4 9. a3 Qa5 10. d4 d5 11. Bd2 c6 12. b4 Qc7 13. b5 Bg4 14. h3 Bh5 15.
Ne5 Bxe2 16. Rxe2 Nbd7 17. Bf4 Bd6 18. Qe1 Nb6 19. a4 Nh5 20. Bh2 f6 21. Nf3
Bxh2+ 22. Nxh2 Kf7 23. Nf3 Nf4 24. Rxe8 Rxe8 25. Qf1 Nc4 26. g3 Ne6 27. Qd3 g6
28. Nd1 Qa5 29. Qc3 cxb5 30. Qxa5 Nxa5 31. axb5 b6 32. Ne3 Nc7 33. Nd2 Nxb5 34.
Nxd5 Nxd4 35. c3 Ne2+ 36. Kg2 Rd8 37. Re1 Rxd5 38. Rxe2 Nc6 39. Nb3 Rd3 40. Rc2
Ke7 41. Nc1 Rd1 42. Ne2 Kd6 43. Nf4 a5 44. Rb2 g5 45. Nh5 f5 46. Rxb6 Kc5 47.
Rb7 a4 48. Rb2 Kc4 49. Ng7 a3 50. Re2 Rc1 51. Nxf5 Rxc3 52. Nd6+ Kb3 53. Ne4
Rc2 54. Re3+ Kb2 55. Re1 a2 56. Nxg5 a1=Q 57. Rxa1 Kxa1 58. Nxh7 Kb2 59. Ng5
Ne5 60. h4 Kc3 61. h5 Kd4 62. Ne6+ Kd5 63. Nf4+ Kd6 64. h6 Ke7 65. g4 Kf8 66.
g5 Nf7 67. h7 Kg7 68. g6 Rc4 69. Kg3 Nh6 70. Ne6+ Kh8 71. Ng5 Rg4+ 0-1

[Event "Tournoi Skype 030A"]
[Site "Skype"]
[Date "????.??.??"]
[Round "8.6"]
[White "Calcino, Luis"]
[Black "Ram, Madhukesh"]
[Result "1-0"]
[WhiteElo "1694"]
[BlackElo "1245"]
[PlyCount "69"]

1. e4 c5 2. Nf3 d6 3. Bb5+ Bd7 4. Bxd7+ Qxd7 5. c4 Nc6 6. O-O Nf6 7. Nc3 g6 8.
Re1 Bg7 9. d3 O-O 10. Bg5 Rac8 11. Nd5 a6 12. Nb6 Qc7 13. Nxc8 Rxc8 14. Qd2 b5
15. cxb5 axb5 16. Rac1 Qa7 17. a3 Na5 18. Qe2 c4 19. d4 Nb3 20. Rcd1 Ng4 21. h3
Nf6 22. d5 Nh5 23. e5 dxe5 24. Nxe5 Ng3 25. Qf3 Bxe5 26. Rxe5 f6 27. Qxg3 fxe5
28. Qxe5 Kf7 29. Qe6+ Kg7 30. Qxc8 Nd4 31. Be3 Ne2+ 32. Kf1 Ng3+ 33. Ke1 Qa5+
34. Bd2 c3 35. Bxc3+ 1-0

[Event "Tournoi Skype 030A"]
[Site "Skype"]
[Date "????.??.??"]
[Round "8.7"]
[White "Blasco, Raul"]
[Black "Lovell, Stan"]
[Result "1-0"]
[WhiteElo "1978"]
[BlackElo "1511"]
[PlyCount "59"]

1. d4 Nf6 2. Nf3 g6 3. b3 Bg7 4. Bb2 d5 5. g3 O-O 6. Bg2 c6 7. O-O Bg4 8. h3
Bf5 9. Nbd2 Na6 10. a3 Rc8 11. Nh4 Bd7 12. c4 Nc7 13. Nhf3 Ne6 14. Kh2 Rc7 15.
Qc2 Qc8 16. e4 dxe4 17. Nxe4 Rd8 18. Nxf6+ Bxf6 19. Rad1 Bg7 20. Rfe1 Be8 21.
h4 h5 22. Qe2 b6 23. Ne5 Qa8 24. Nxg6 Nxd4 25. Nxe7+ Kf8 26. Bxd4 Bxd4 27. Rxd4
Rxd4 28. Qe5 f6 29. Qxf6+ Bf7 30. Qh8+ 1-0

[Event "Tournoi Skype 030A"]
[Site "Skype"]
[Date "????.??.??"]
[Round "8.8"]
[White "Engstrom, Olle"]
[Black "Garcia Andrinal, Antonio"]
[Result "0-1"]
[WhiteElo "1438"]
[BlackElo "1632"]
[PlyCount "88"]

1. e4 c5 2. Nf3 d6 3. d4 cxd4 4. Nxd4 Nf6 5. Nc3 g6 6. Be3 Bg7 7. f3 a6 8. Qd2
Qc7 9. O-O-O Nbd7 10. g4 b5 11. Bh6 Bxh6 12. Qxh6 Bb7 13. Qd2 Nb6 14. g5 Nfd7
15. h4 Nc4 16. Qh2 h5 17. Bxc4 Qxc4 18. Qe2 Rc8 19. Qxc4 Rxc4 20. Rd3 O-O 21.
Rhd1 Ne5 22. Re3 Rfc8 23. Rd2 R4c7 24. Rd1 e6 25. Kb1 b4 26. Na4 Nc4 27. Red3
d5 28. exd5 Bxd5 29. f4 e5 30. fxe5 Nxe5 31. Nb6 Rd8 32. Nxd5 Rxd5 33. Re3 Rcd7
34. c3 bxc3 35. bxc3 Nc4 36. Re8+ Kg7 37. Rb8 Na3+ 38. Kb2 Nb5 39. c4 Rxd4 40.
Rxd4 Nxd4 41. Rb6 Nf5 42. Rxa6 Nxh4 43. c5 Rc7 44. c6 Nf3 0-1

[Event "Tournoi Skype 030A"]
[Site "Skype"]
[Date "????.??.??"]
[Round "8.10"]
[White "Mishra, Sourabh"]
[Black "Espadina Solano, Jaime"]
[Result "1-0"]
[WhiteElo "1284"]
[BlackElo "1553"]
[PlyCount "87"]

1. d4 Nf6 2. Nf3 g6 3. c4 Bg7 4. e3 d6 5. Nc3 O-O 6. Bd3 Nbd7 7. O-O b6 8. e4
Bb7 9. d5 Nc5 10. Bc2 a5 11. Be3 Ba6 12. Qe2 Re8 13. Rab1 e6 14. Bxc5 bxc5 15.
Qd3 exd5 16. exd5 Qd7 17. Ba4 Qg4 18. Bxe8 Bxc4 19. Bxf7+ Kxf7 20. Qc2 Bxf1 21.
Rxf1 Nh5 22. h3 Qd7 23. Re1 Nf4 24. Kh2 Re8 25. Rxe8 Qxe8 26. Qd2 Nh5 27. Ng5+
Kg8 28. Ne6 Be5+ 29. g3 Qd7 30. Ne4 Qa4 31. Qg5 Qd7 32. b3 Kh8 33. Kg2 Ng7 34.
N6xc5 Qe8 35. Nd3 Bd4 36. f3 Nf5 37. Nf4 Ne3+ 38. Kh1 Qf7 39. Qd8+ Qg8 40. Qxc7
Nxd5 41. Nxd5 Qxd5 42. Qd8+ Kg7 43. Qe7+ Kh6 44. Qxd6 1-0

[Event "Tournoi Skype 030A"]
[Site "Skype"]
[Date "????.??.??"]
[Round "8.11"]
[White "Yeter, Orhan"]
[Black "Casey, Eamonn"]
[Result "0-1"]
[WhiteElo "1252"]
[BlackElo "1538"]
[PlyCount "74"]

1. e4 e6 2. d4 d5 3. e5 c5 4. c3 Nc6 5. Nf3 Nge7 6. Bd3 cxd4 7. cxd4 Bd7 8. O-O
Nb4 9. Be2 Ng6 10. Bg5 Be7 11. Bxe7 Qxe7 12. Nc3 a6 13. a3 Nc6 14. b4 Nf4 15.
b5 Nxe2+ 16. Qxe2 Na5 17. a4 Nc4 18. bxa6 bxa6 19. Rfb1 O-O 20. Rb7 Qd8 21. a5
Bc6 22. Rb3 Nxa5 23. Rba3 Nc4 24. Rxa6 Rxa6 25. Rxa6 Qd7 26. Qa2 Rb8 27. Ra7
Qc8 28. Ng5 Rb2 29. Qa1 Rb7 30. h3 h6 31. Nf3 Rxa7 32. Qxa7 Qb7 33. Qc5 Qa8 34.
g4 Qa1+ 35. Kg2 Qxc3 36. Qxc6 Ne3+ 37. fxe3 Qxc6 0-1

[Event "Tournoi Skype 030A"]
[Site "Skype"]
[Date "????.??.??"]
[Round "8.13"]
[White "Karia, Vijay"]
[Black "Thoune, Jim"]
[Result "1-0"]
[WhiteElo "1447"]
[BlackElo "1598"]
[PlyCount "113"]

1. e4 g6 2. Nc3 Bg7 3. f4 d6 4. Nf3 Nf6 5. Bb5+ c6 6. Bc4 O-O 7. d3 e6 8. O-O
Re8 9. Qe1 d5 10. Bb3 Nbd7 11. e5 Ng4 12. h3 Nh6 13. d4 b6 14. Ne2 Qe7 15. c3
Ba6 16. Bc2 Rac8 17. g4 c5 18. Be3 cxd4 19. Nfxd4 Nc5 20. Qd2 Qh4 21. Rf3 Ne4
22. Bxe4 dxe4 23. Bf2 Qe7 24. Re3 Bb7 25. Ng3 Rcd8 26. Nxe4 Ba8 27. Qe1 Qb7 28.
Bh4 Rd7 29. Nf3 b5 30. Nd6 Rxd6 31. exd6 Qb6 32. d7 Rb8 33. d8=Q+ Rxd8 34. Bxd8
Qxd8 35. Rd1 Qb6 36. Kf1 Bf8 37. Qd2 Bd5 38. a3 Qc6 39. Ne5 Qb7 40. Qc2 Bd6 41.
c4 bxc4 42. Nxc4 Bxf4 43. Ree1 Bg3 44. Re3 Bf4 45. Rc3 Qa6 46. Ke1 Bg5 47. Rdd3
Kg7 48. Rd1 Bh4+ 49. Kd2 Bg5+ 50. Ne3 Qa5 51. Kc1 Qb6 52. Qd3 Qb7 53. Rf1 f5
54. Kd1 Bxe3 55. Qxe3 Qd7 56. Kc1 Nf7 57. Rd1 1-0

[Event "Tournoi Skype 030A"]
[Site "Skype"]
[Date "????.??.??"]
[Round "8.14"]
[White "Sanchez Ruiz, Justo"]
[Black "Le Brun, Yves"]
[Result "1-0"]
[WhiteElo "1550"]
[BlackElo "1321"]
[PlyCount "73"]

1. e4 b6 2. d4 e6 3. Nf3 Bb7 4. Bd3 Nf6 5. Qe2 Be7 6. O-O d6 7. e5 Nd5 8. c3 a5
9. exd6 Qxd6 10. Ne5 Ba6 11. Bxa6 Nxa6 12. Qb5+ c6 13. Qxc6+ Qxc6 14. Nxc6 Rc8
15. Nxe7 Nxe7 16. Bf4 Nc7 17. Bxc7 Rxc7 18. Na3 O-O 19. Nb5 Rd7 20. c4 Rc8 21.
Rac1 Kf8 22. b3 Ke8 23. Rfe1 Kd8 24. Kf1 Nc6 25. Red1 Na7 26. Nxa7 Rxa7 27. d5
exd5 28. Rxd5+ Rd7 29. Rcd1 Rxd5 30. Rxd5+ Kc7 31. Ke2 f6 32. Rd3 Re8+ 33. Re3
Re5 34. f4 Rxe3+ 35. Kxe3 f5 36. Kd4 g6 37. Kd5 1-0

[Event "Tournoi Skype 030A"]
[Site "Skype"]
[Date "????.??.??"]
[Round "8.15"]
[White "Saponara, Jose Maria"]
[Black "Vasquez Cienfuegos, Oscar"]
[Result "1/2-1/2"]
[WhiteElo "1525"]
[BlackElo "1370"]
[PlyCount "79"]

1. e4 Nf6 2. Nc3 d5 3. exd5 Nxd5 4. Nf3 Bf5 5. Be2 e6 6. O-O Be7 7. Nxd5 Qxd5
8. d4 O-O 9. c4 Qd7 10. Be3 c6 11. Qd2 Qc7 12. Rac1 Nd7 13. Rfd1 Nf6 14. Bd3
Bxd3 15. Qxd3 h6 16. a3 Rfd8 17. Qc2 Rac8 18. h3 Bd6 19. c5 Bf4 20. Bxf4 Qxf4
21. Re1 Qc7 22. Re2 Rd5 23. Rce1 Rcd8 24. b4 a6 25. Re5 Ne8 26. Qe4 Qe7 27.
Rxd5 Rxd5 28. Qf4 Nc7 29. a4 Ne8 30. Re5 Nf6 31. Qe3 Rxe5 32. dxe5 Nd5 33. Qd4
Qc7 34. a5 Qd8 35. Nd2 Qg5 36. Nf3 Qc1+ 37. Kh2 Qf4+ 38. Qxf4 Nxf4 39. Ne1 Nd5
40. Nd3 1/2-1/2

[Event "Tournoi Skype 030A"]
[Site "Skype"]
[Date "????.??.??"]
[Round "8.16"]
[White "Navghane, Rahul"]
[Black "Bagayatkar, Madan"]
[Result "0-1"]
[WhiteElo "1007"]
[BlackElo "1405"]
[PlyCount "42"]

1. e4 c5 2. Nf3 d6 3. c3 Nc6 4. d4 cxd4 5. cxd4 Nf6 6. Nc3 g6 7. Bd3 Bg7 8. h3
a6 9. O-O O-O 10. a3 Bd7 11. Na4 b5 12. Nc3 Rc8 13. Be3 Re8 14. Rc1 e5 15. d5
Na5 16. b4 Nc4 17. a4 Nxe3 18. fxe3 Bh6 19. Re1 Qb6 20. axb5 Bxe3+ 21. Kh1 Bxc1
0-1

[Event "Tournoi Skype 030A"]
[Site "Skype"]
[Date "????.??.??"]
[Round "8.17"]
[White "L'Herbon De Lussats, Jean"]
[Black "Hadla, Mohammad Ali"]
[Result "1-0"]
[WhiteElo "1245"]
[BlackElo "1627"]
[PlyCount "67"]

1. c4 Nf6 2. d4 e5 3. d5 b5 4. b3 Bb7 5. a4 a6 6. Bg5 Bc5 7. e4 Bxf2+ 8. Ke2
Bd4 9. Ra2 O-O 10. Nf3 h6 11. Bh4 d6 12. Nxd4 exd4 13. Qxd4 Nbd7 14. Kd1 Ne5
15. h3 c6 16. Rf2 cxd5 17. exd5 Re8 18. Be2 bxc4 19. bxc4 Qa5 20. Nc3 Qb4 21.
Kc2 Rac8 22. Rb1 Rxc4 23. Bxc4 Qxc4 24. Qxc4 Nxc4 25. Rxb7 Ne3+ 26. Kd3 Nfxd5
27. Nxd5 Nxd5 28. Rfxf7 Re3+ 29. Kd4 Ne7 30. Rfxe7 a5 31. Kxe3 h5 32. Rxg7+ Kf8
33. Bf6 Ke8 34. Rb8# 1-0

[Event "Tournoi Skype 030A"]
[Site "Skype"]
[Date "????.??.??"]
[Round "8.18"]
[White "Khetre, Gaurav"]
[Black "Chavero, Victor"]
[Result "1-0"]
[WhiteElo "1540"]
[BlackElo "1286"]
[PlyCount "99"]

1. e4 d5 2. exd5 Nf6 3. Bb5+ Bd7 4. Bc4 g6 5. Nf3 Bg7 6. O-O c6 7. dxc6 Nxc6 8.
d4 Qb6 9. c3 O-O 10. Nbd2 Rad8 11. Qc2 e6 12. Re1 Ne7 13. Ne5 Bc8 14. Ndf3 h6
15. h3 Nfd5 16. Nd3 a6 17. Bd2 Qc6 18. Bb3 b5 19. Qc1 Bb7 20. Bxh6 Bxh6 21.
Qxh6 Nf5 22. Qc1 Kg7 23. Nfe5 Qc7 24. Bc2 Rfe8 25. Nc5 Bc8 26. Qg5 Qe7 27. Qd2
Qc7 28. Re2 f6 29. Ned3 e5 30. dxe5 fxe5 31. Qg5 Nf4 32. Nxf4 exf4 33. Ne4 Qc4
34. Qf6+ Kh7 35. Ng5+ Kg8 36. Rxe8+ Rxe8 37. Qxg6+ Ng7 38. Qh7+ Kf8 39. Bb3 Qc7
40. Qg8+ Ke7 41. Qxg7+ Kd6 42. Rd1+ Kc6 43. Bd5+ Kb6 44. Qd4+ Qc5 45. Qf6+ Kc7
46. Ne6+ Bxe6 47. Bxe6 Rf8 48. Qg7+ Kb8 49. Rd7 Qc8 50. Bd5 1-0

[Event "Tournoi Skype 030A"]
[Site "Skype"]
[Date "????.??.??"]
[Round "8.21"]
[White "Pouteau, Pascal"]
[Black "Calderon, Francisco"]
[Result "1-0"]
[WhiteElo "1349"]
[BlackElo "1604"]
[PlyCount "103"]

1. Nf3 d5 2. d4 Bf5 3. Nc3 Nf6 4. Bg5 e6 5. a3 Be7 6. e3 h6 7. Bh4 c6 8. Bd3
Ne4 9. Bxe7 Qxe7 10. Ne5 Nd7 11. Nxd7 Qxd7 12. Nxe4 dxe4 13. Be2 Rd8 14. c3 Bh7
15. Qb3 f5 16. Qb4 Qc7 17. Bc4 Rd6 18. Qb3 Bg8 19. Qd1 b5 20. Ba2 c5 21. Rc1 a5
22. O-O a4 23. c4 e5 24. d5 b4 25. Qxa4+ Qd7 26. Qa8+ Qd8 27. Qa4+ Kf7 28. Qa7+
Rd7 29. Qxc5 bxa3 30. Qxa3 Kg6 31. Qc3 Kf6 32. f4 exf3 33. Rxf3 g5 34. Bb1 Bh7
35. Rcf1 f4 36. Bxh7 Rhxh7 37. exf4 Rhf7 38. Qxe5+ Kg6 39. f5+ Kh7 40. f6 Rd6
41. Qf5+ Kh8 42. Qg6 Rh7 43. Qf5 Qf8 44. c5 Rd8 45. d6 Rc8 46. Qd5 Rd8 47. Re1
g4 48. Rf5 Re8 49. Rxe8 Qxe8 50. Re5 Qg6 51. Qa8+ Qg8 52. Re8 1-0

[Event "Tournoi Skype 030A"]
[Site "Skype"]
[Date "????.??.??"]
[Round "8.22"]
[White "Vello, Pablo"]
[Black "Alvarez, Juan Evangelista"]
[Result "0-1"]
[WhiteElo "1135"]
[BlackElo "1529"]
[PlyCount "68"]

1. d4 Nf6 2. Nc3 d5 3. Bf4 Bf5 4. f3 e6 5. g4 Bg6 6. h4 h6 7. e3 Bd6 8. Nge2
Nc6 9. a3 Bxf4 10. Nxf4 Bh7 11. Bd3 g6 12. Qe2 Qd6 13. Nb5 Qe7 14. Nc3 O-O-O
15. O-O-O Nd7 16. Rh2 Qf6 17. Bb5 Na5 18. Rdh1 c6 19. g5 Qg7 20. gxh6 Qxh6 21.
Bd3 e5 22. dxe5 Nxe5 23. Kb1 Nxd3 24. Qxd3 g5 25. hxg5 Qxh2 26. Rxh2 Bxd3 27.
Rxh8 Rxh8 28. Nxd3 Nc4 29. Ne5 Nxe3 30. Nxf7 Rh2 31. g6 Rg2 32. g7 Rxg7 33.
Nd6+ Kd8 34. f4 Rd7 0-1

[Event "Tournoi Skype 030A"]
[Site "Skype"]
[Date "????.??.??"]
[Round "8.23"]
[White "Junqueira, Leonardo De Faria"]
[Black "Lopes, Marcia Maria"]
[Result "1-0"]
[WhiteElo "1408"]
[BlackElo "1321"]
[PlyCount "135"]

1. e4 c5 2. d4 cxd4 3. c3 dxc3 4. Nxc3 e6 5. Nf3 Nc6 6. Bc4 Qc7 7. Qe2 a6 8.
Be3 Bb4 9. Rc1 Nf6 10. a3 Bxc3+ 11. Rxc3 Nxe4 12. Rc1 O-O 13. O-O h6 14. Bd3
Nf6 15. Nd4 Re8 16. Qc2 Qd8 17. Nxc6 dxc6 18. Rfd1 Bd7 19. Bd4 e5 20. Bc3 b5
21. Bf5 Qc7 22. Bxd7 Nxd7 23. Bb4 Nf6 24. Rd6 Qb7 25. Rxc6 Nd5 26. Qf5 Ne7 27.
Bxe7 Qxe7 28. Rc7 Qf6 29. Qd3 Red8 30. Qb3 Qe6 31. Qe3 e4 32. h3 f5 33. R1c6
Qe5 34. Qb3+ Kh7 35. Rc1 Rf8 36. Rd7 Rae8 37. Rcc7 Rg8 38. Ra7 e3 39. fxe3
Qxe3+ 40. Qxe3 Rxe3 41. Rxa6 Rb3 42. Rd5 Rxb2 43. Rxf5 Rd8 44. Rf3 Rd1+ 45. Kh2
Rd7 46. Rb6 Ra7 47. Rg3 Ra2 48. Rxb5 R2xa3 49. Rxa3 Rxa3 50. Rb6 g5 51. h4 gxh4
52. Rd6 Ra4 53. Kh3 Kg7 54. Rb6 h5 55. Rc6 Rd4 56. Rb6 Rg4 57. Ra6 Kf7 58. Rb6
Ke7 59. Ra6 Kf7 60. Rh6 Rg6 61. Rxh5 Rg3+ 62. Kh2 Kg6 63. Rxh4 Rc3 64. Ra4 Kh6
65. Rh4+ Kg5 66. Ra4 Rd3 67. Rb4 Re3 68. Ra4 1-0

[Event "Tournoi Skype 030A"]
[Site "Skype"]
[Date "????.??.??"]
[Round "8.25"]
[White "Abate, Leonardo"]
[Black "Vaswani, Manohar"]
[Result "1-0"]
[WhiteElo "1380"]
[BlackElo "1226"]
[PlyCount "85"]

1. e4 e5 2. Nf3 Nc6 3. Bb5 Nf6 4. O-O Bc5 5. d3 O-O 6. Bxc6 dxc6 7. Nxe5 Bd6 8.
Nc4 Re8 9. Nxd6 Qxd6 10. Qf3 Bg4 11. Qg3 Rad8 12. Qxd6 cxd6 13. Bg5 Re6 14. f4
h6 15. f5 Re5 16. Bxf6 gxf6 17. Nd2 d5 18. Rf4 Be2 19. Re1 Bxd3 20. cxd3 dxe4
21. Rexe4 Rxd3 22. Rxe5 fxe5 23. Rg4+ Kh7 24. Nc4 f6 25. Rg6 e4 26. Rxf6 e3 27.
Rd6 e2 28. Kf2 Rxd6 29. Nxd6 b6 30. Nc8 Kg7 31. Kxe2 Kf6 32. g4 c5 33. Nxa7 Kg5
34. Kf3 h5 35. h3 hxg4+ 36. hxg4 Kf6 37. Nc6 b5 38. Kf4 c4 39. g5+ Kg7 40. Ke5
b4 41. f6+ Kf7 42. g6+ Kxg6 43. Ke6 1-0

[Event "Tournoi Skype 030A"]
[Site "Skype"]
[Date "????.??.??"]
[Round "8.26"]
[White "Perrone, Gabriel Lorenzo"]
[Black "Bendre, Pankaj"]
[Result "0-1"]
[WhiteElo "1359"]
[BlackElo "1182"]
[PlyCount "114"]

1. d4 d5 2. c4 e6 3. Nf3 Nf6 4. Bg5 Nbd7 5. cxd5 exd5 6. Nc3 Bb4 7. e3 c6 8.
Rc1 Qa5 9. Qb3 Ne4 10. Bd3 Ndf6 11. O-O Bxc3 12. bxc3 O-O 13. Bxf6 Nxf6 14.
Rfe1 Re8 15. Nd2 Qc7 16. e4 dxe4 17. Nxe4 Nd5 18. c4 Nf4 19. Nf6+ gxf6 20.
Rxe8+ Kg7 21. Qd1 Qd7 22. Re3 Qxd4 23. Rg3+ Kh8 24. Qc2 Be6 25. Bxh7 Qe5 26.
Qe4 Ne2+ 27. Kf1 Nxg3+ 28. hxg3 Qh5 29. Qc2 Qxh7 30. Qxh7+ Kxh7 31. f4 Rh8 32.
a4 Kg7 33. Kf2 Rh2 34. a5 Bh3 35. Rg1 Be6 36. c5 Rh5 37. Rc1 Rd5 38. Kg1 Rd4
39. Rb1 Bc8 40. a6 bxa6 41. Rb8 Be6 42. Rb7 Rc4 43. Rxa7 Rxc5 44. Rxa6 Kg6 45.
Ra8 Kg7 46. Ra3 Rc1+ 47. Kh2 Kg6 48. Ra4 Kf5 49. Ra5+ Bd5 50. Ra4 Rc2 51. Ra5
Rxg2+ 52. Kh3 Rg1 53. Rxd5+ cxd5 54. Kh2 Re1 55. Kg2 d4 56. Kf3 d3 57. g4+ Kg6
0-1

[Event "Tournoi Skype 030A"]
[Site "Skype"]
[Date "????.??.??"]
[Round "8.27"]
[White "Tembhurnekar, Ritu"]
[Black "Galani, Mahendra"]
[Result "0-1"]
[WhiteElo "1011"]
[BlackElo "1395"]
[PlyCount "56"]

1. d4 e6 2. Nf3 d6 3. e3 Nf6 4. Bd3 Nd5 5. c3 Be7 6. O-O Nd7 7. Nbd2 c5 8. e4
Nc7 9. e5 d5 10. Re1 c4 11. Bc2 Nb6 12. Nf1 Bd7 13. a4 a5 14. Ng3 g6 15. Bh6
Bh4 16. Qd2 Rg8 17. Ng5 Bxg5 18. Bxg5 Qc8 19. Bf6 Bc6 20. Qh6 Kd7 21. Qxh7 Qf8
22. f4 Ne8 23. f5 Nxf6 24. exf6 Rh8 25. fxe6+ Kd6 26. Qxf7 Qxf7 27. exf7 Rh6
28. Re3 Rf8 0-1

[Event "Tournoi Skype 030A"]
[Site "Skype"]
[Date "????.??.??"]
[Round "8.28"]
[White "Munoz Gonzalez, Martin"]
[Black "Grib, Johannes"]
[Result "1/2-1/2"]
[WhiteElo "1412"]
[BlackElo "1328"]
[PlyCount "74"]

1. Nh3 e5 2. d3 h6 3. f4 Bc5 4. fxe5 d6 5. g3 dxe5 6. Bg2 Nc6 7. e3 Nf6 8. Nf2
Nd5 9. d4 exd4 10. exd4 Bb4+ 11. c3 Be7 12. O-O Bf6 13. Re1+ Nce7 14. Qe2 c6
15. Ne4 Be6 16. c4 Bxd4+ 17. Kh1 Nf6 18. Rd1 Nf5 19. Nbc3 h5 20. Nxf6+ gxf6 21.
Be4 Nxg3+ 22. hxg3 h4 23. g4 Qd6 24. Be3 c5 25. Bxb7 Rd8 26. Bxd4 cxd4 27. Nd5
Qg3 28. Nc7+ Qxc7 29. Qe4 Kf8 30. b3 f5 31. gxf5 Bxf5 32. Qxf5 Qxb7+ 33. Kh2
Qc7+ 34. Kh1 Qc6+ 35. Kh2 Rg8 36. Rg1 Qc7+ 37. Kh1 Qc6+ 1/2-1/2

[Event "Tournoi Skype 030A"]
[Site "Skype"]
[Date "????.??.??"]
[Round "8.30"]
[White "Pasasin, Alejandro"]
[Black "Fernandez Zaldivar, Antonio"]
[Result "0-1"]
[WhiteElo "1304"]
[BlackElo "1291"]
[PlyCount "56"]

1. Nf3 c6 2. d4 d5 3. Bf4 Nf6 4. Nbd2 Bg4 5. Ne5 Bh5 6. h3 Nbd7 7. Ndf3 Bxf3 8.
Nxf3 e6 9. e3 Ne4 10. Bd3 Bb4+ 11. Ke2 Ndf6 12. a3 Ba5 13. b4 Nc3+ 14. Ke1 Nxd1
15. Kxd1 Bc7 16. Ne5 O-O 17. c4 dxc4 18. Bxc4 Nd7 19. Ke2 Nxe5 20. dxe5 Qb8 21.
Rhd1 Bxe5 22. Bxe5 Qxe5 23. Rab1 Rfd8 24. f3 Rxd1 25. Rxd1 Qb2+ 26. Kf1 Qxa3
27. Kg1 Qxe3+ 28. Kh2 Qf4+ 0-1

[Event "Tournoi Skype 030A"]
[Site "Skype"]
[Date "????.??.??"]
[Round "8.31"]
[White "Escudero Ocana, Francisco"]
[Black "Marino, Giuseppe"]
[Result "1/2-1/2"]
[WhiteElo "1393"]
[BlackElo "1339"]
[PlyCount "70"]

1. e4 e5 2. Nf3 d6 3. Bc4 Be7 4. d3 Nf6 5. O-O O-O 6. Ng5 Nbd7 7. f4 h6 8. Nxf7
Rxf7 9. Bxf7+ Kxf7 10. fxe5 dxe5 11. Qh5+ Kg8 12. Qg6 Qe8 13. Qg3 Qh5 14. Nc3
c6 15. Rf5 Qg4 16. Qxg4 Nxg4 17. h3 Ngf6 18. Be3 g6 19. Rf3 Kg7 20. Ne2 Ne8 21.
d4 exd4 22. Bxd4+ Bf6 23. Raf1 b6 24. Bxf6+ Nexf6 25. Nd4 Ba6 26. R1f2 c5 27.
Ne6+ Kf7 28. Nc7 Rd8 29. Nxa6 Re8 30. Nc7 Rxe4 31. Nd5 Re6 32. g4 g5 33. Kg2
Kg6 34. Nxf6 Nxf6 35. Kg3 Ne4+ 1/2-1/2

[Event "Tournoi Skype 030A"]
[Site "Skype"]
[Date "????.??.??"]
[Round "9.1"]
[White "Figueroa, Tomas"]
[Black "Caputi, Giuliano"]
[Result "1-0"]
[WhiteElo "2093"]
[BlackElo "1728"]
[PlyCount "49"]

1. c4 c5 2. Nf3 Nc6 3. Nc3 g6 4. d4 cxd4 5. Nxd4 Bg7 6. Nc2 d6 7. g3 Nf6 8. Bg2
O-O 9. O-O Rb8 10. Ne3 Bd7 11. Rb1 Qc8 12. Re1 a6 13. b3 Ne8 14. Bb2 Nc7 15.
Qd2 Be6 16. Red1 Ne5 17. Rbc1 Nd7 18. Ne4 Nc5 19. Bxg7 Nxe4 20. Qb2 Nf6 21.
Bxf6 exf6 22. Rxd6 Ne8 23. Rd2 Kg7 24. Rcd1 Nc7 25. c5 1-0